000 00285nam a22001337a 4500
008 181218b xxu||||| |||| 00| 0 eng d
020 _a0070228396
041 _aeng
080 _a004
100 _a39
101 _aSHK
245 _aCommunication Network
_cLeon.G
942 _2udc
_cBK
999 _c53441
_d53441